000 01405pam a2200301 a 4500
999 _c20270
_d20270
001 1579892
005 20170118163126.0
008 930812s1993 maua bc 000 0 eng
010 _a 93032084
020 _a0916724832
040 _aDLC
_cDLC
_dDLC
050 0 0 _aNC251
_b.G66A4 1993
100 1 _aGrosz, George,
_d1893-1959.
245 1 4 _aThe sketchbooks of George Grosz /
_cedited by Peter Nisbet ; with contributions by Catherina Lauer ... [et al.].
260 _aCambridge, Mass. :
_bBusch-Reisinger Museum, Harvard University Museums,
_c1993.
300 _a191 p. :
_bill. (some col.) ;
_c23 x 27 cm.
500 _a"Published in conjunction with the exhibition ... held at the Busch-Reisinger Museum ... from 9 October to 12 December 1993"--T.p. verso.
500 _aFour essays on individual sketchbooks and a complete summary catalog of all extant sketchbooks.
600 1 0 _aGrosz, George,
_d1893-1959
_xNotebooks, sketchbooks, etc.
_xExhibitions.
700 1 _aNisbet, Peter.
700 1 _aLauer, Catherina,
_d1967-
710 2 _aBusch-Reisinger Museum.
942 _2lcc
_cBOOKS
_hNC251 .G66A4 1993